Shakespeare, the tragedies : (Record no. 28551)

000 -LEADER
fixed length control field 00899cam a2200265 a 4500
001 - CONTROL NUMBER
control field 4715359
005 - DATE AND TIME OF LATEST TRANSACTION
control field 20170308161348.0
008 - FIXED-LENGTH DATA ELEMENTS--GENERAL INFORMATION
fixed length control field 831004s1984 nju b 000 0 eng
010 ## - LIBRARY OF CONGRESS CONTROL NUMBER
LC control number 83021262
020 ## - INTERNATIONAL STANDARD BOOK NUMBER
International Standard Book Number 0138079005 (pbk.) :
Terms of availability $5.95
020 ## - INTERNATIONAL STANDARD BOOK NUMBER
International Standard Book Number 0138079188 :
Terms of availability $12.95
040 ## - CATALOGING SOURCE
Original cataloging agency DLC
Transcribing agency DLC
Modifying agency DLC
050 00 - LIBRARY OF CONGRESS CALL NUMBER
Classification number PR2983.S44 1984
Item number .S44 1984
082 00 - DEWEY DECIMAL CLASSIFICATION NUMBER
Edition number 19
245 00 - TITLE STATEMENT
Title Shakespeare, the tragedies :
Remainder of title new perspectives /
Statement of responsibility, etc. edited by Robert B. Heilman.
260 ## - PUBLICATION, DISTRIBUTION, ETC. (IMPRINT)
Place of publication, distribution, etc. Englewood Cliffs, N.J. :
Name of publisher, distributor, etc. Prentice-Hall,
Date of publication, distribution, etc. c1984.
300 ## - PHYSICAL DESCRIPTION
Extent 243 p. ;
Dimensions 20 cm.
440 #0 - SERIES STATEMENT/ADDED ENTRY--TITLE
Title Twentieth century views
500 ## - GENERAL NOTE
General note "A Spectrum book."
504 ## - BIBLIOGRAPHY, ETC. NOTE
Bibliography, etc Bibliography: p. 237-241.
600 10 - SUBJECT ADDED ENTRY--PERSONAL NAME
Personal name Shakespeare, William,
Dates associated with a name 1564-1616
General subdivision Tragedies.
700 1# - ADDED ENTRY--PERSONAL NAME
Personal name Heilman, Robert Bechtold,
Dates associated with a name 1906-
906 ## - LOCAL DATA ELEMENT F, LDF (RLIN)
a 7
b cbc
c orignew
d 1
e ocip
f 19
g y-gencatlg
942 ## - ADDED ENTRY ELEMENTS (KOHA)
Source of classification or shelving scheme
Koha item type Hard Covered Materials
Classification part PR2983.S44 1984
Holdings
Withdrawn status Lost status Source of classification or shelving scheme Damaged status Not for loan Home library Current library Shelving location Date acquired Source of acquisition Total Checkouts Full call number Barcode Date last seen Date last checked out Price effective from Koha item type
          MACHAKOS UNIVERSITY LIBRARY MACHAKOS UNIVERSITY LIBRARY Open shelf 08/03/2017 Donation (B.F.A) 4 PR2983.S44 1984 36570 01/04/2025 18/03/2025 08/03/2017 Hard Covered Materials
© Machakos University Library, Along The Highway, Machakos Wote Rd, Machakos, Kenya P.O. Box 136 - 90100 Machakos - Kenya

Tel: ( +254 ) 723 805829 OR Fax : 044-20353 OR Email: library@mksu.ac.ke